| LEADER 00000nam 2200000uu 4500 |
| 001 211085 |
| 003 ULIBM |
| 008 020711s2015 th a 000 0 eng d |
| 020 9781451187496
|
| 041 ^aEng
|
| 060 4 QS39 M822e 2015
|
| 100 Moore,Keith L.
|
| 245 Essential clinical anatomy/^cKeith L. Moore,Anne M.R. Agur,Arthur F. Dalley II.
|
| 250 5th ed.
|
| 260 Philadelphia :^bWotters Kluwer Health,^c2015
|
| 300 xxiv,686pages :^bill ;^c27 cm
|
| 504 ^aIncludes bibliographical references and index
|
| 650 4 ^aAnatomy^xHandbooks
|
| 650 4 ^aHuman anatomy^xHandbooks,manuals,etc.
|
| 650 4 ^aHuman anatomy^xAtlases
|
| 700 0 ^aAgur, Anne M.R.,^eed.
|
| 700 0 ^aDalley II, Arthur F.,^eed.
|
| 999 ^aใช้งานได้ทุกระบบ
|